|
|
|
|
| LEADER |
00000cam a2200000 7i4500 |
| 001 |
0000013750 |
| 005 |
20080128.0 |
| 008 |
080128 |
| 020 |
|
|
|a 9679788903
|
| 090 |
0 |
0 |
|a 332.46
|b AHA
|
| 100 |
0 |
|
|a Ahamed Kameel Mydin Meera
|
| 245 |
1 |
4 |
|a The theft of nations :
|b returning to gold
|c Ahmed Kameel Mydin Meera
|
| 260 |
|
|
|a Selangor :
|b Pelanduk Publications ,
|c 2004
|
| 650 |
|
0 |
|a Banks and banking
|
| 650 |
|
0 |
|a Dinar
|
| 650 |
|
0 |
|a Monetary policy
|
| 999 |
|
|
|a 0001011530
|b Book
|c Adult Collection
|e Perbadanan Perpustakaan Awam Johor
|
| 999 |
|
|
|a 0001011531
|b Book
|c Adult Collection
|e Perbadanan Perpustakaan Awam Johor
|